[Event "2015: The Year Of Bitcoin"]
[Site "SchemingMind.com"]
[Date "2014.12.06"]
[Round "-"]
[White "Derek Price"]
[Black "smothered mate"]
[Result "1-0"]
[WhiteCountry "ENG"]
[BlackCountry "POL"]
[WhiteElo "2309"]
[WhiteRD "82"]
[BlackElo "1887"]
[BlackRD "63"]
[GameID "370618"]

1. e4 c5 2. Nf3 d6 3. d4 cxd4 4. Nxd4 Nf6 5. Nc3 g6 6. Be3 Bg7 7. f3 O-O 8. Qd2 Nc6 9. O-O-O Bd7 10. g4 Rb8
11. h4 h5 12. gxh5 Nxh5 13. Rg1 b5 14. Rg5 Nxd4 15. Bxd4 Bh6 16. Rxg6+ fxg6 17. Qxh6 e5 18. Qxg6+ Ng7 19. Bxa7 Rb7 20. Be3 Qf6
21. Qg1 Qxh4 22. Be2 b4 23. Rxd6 bxc3 24. Bc4+ Kh7 25. Qg6+ Kh8 26. Qh6+ Qxh6 27. Rxh6#
1-0

[Event "2015: The Year Of Bitcoin"]
[Site "SchemingMind.com"]
[Date "2014.12.06"]
[Round "-"]
[White "emvarela"]
[Black "Derek Price"]
[Result "0-1"]
[WhiteCountry "ARG"]
[BlackCountry "ENG"]
[WhiteElo "1679"]
[WhiteRD "50"]
[BlackElo "2323"]
[BlackRD "85"]
[GameID "370619"]

1. e4 c5 2. Nf3 d6 3. d4 cxd4 4. Nxd4 Nf6 5. Nc3 a6 6. Bd3 e6 7. Bg5 Be7 8. Qf3 Nbd7 9. Bxf6 Bxf6 10. Nce2 Qb6
11. Nb3 Bxb2 12. Rb1 Bf6 13. O-O O-O 14. Nd2 Qc7 15. Nf4 g6 16. g3 Ne5 17. Qe3 Bd7 18. Nf3 b5 19. Nxe5 dxe5 20. Ne2 Be7
21. Kg2 Bc5 22. Qf3 f5 23. exf5 gxf5 24. Qh5 Bc6+ 25. Kg1 Qd8 26. Rfd1 Qd5 27. Qg5+ Kh8
0-1

[Event "2015: The Year Of Bitcoin"]
[Site "SchemingMind.com"]
[Date "2014.12.05"]
[Round "-"]
[White "abdre1"]
[Black "Derek Price"]
[Result "0-1"]
[WhiteCountry "USA"]
[BlackCountry "ENG"]
[WhiteElo "1561"]
[WhiteRD "111"]
[BlackElo "2347"]
[BlackRD "87"]
[GameID "370620"]

1. d4 d5 2. Nf3 Nf6 3. e3 e6 4. Bd3 c5 5. O-O Nbd7 6. b3 Be7 7. Bb2 O-O 8. Nbd2 b6 9. Re1 Bb7 10. Ne5 Rc8
11. e4 dxe4 12. Nxe4 cxd4 13. Bxd4 Nxe5 14. Nxf6+ gxf6 15. Bxe5 fxe5 16. c4 Qd4 17. Qe2 Rfd8 18. Rad1 e4 19. Bc2 Qe5 20. Qe3 Bb4
21. Rxd8+ Rxd8 22. Rd1 Rxd1+ 23. Bxd1 Bc5 24. Qg3+ Qxg3 25. hxg3 e3 26. fxe3 Bxe3+ 27. Kf1 Be4 28. Bf3 Bb1 29. Ke2 Bc5 30. a4 Bc2
31. Bc6 Bxb3 32. Bb5 Kg7 33. Kd3 Bd1 34. Kd2 Bg4 35. Bd7 Bf2 36. Kd3 Bxg3 37. Kd4 e5+
0-1

[Event "2015: The Year Of Bitcoin"]
[Site "SchemingMind.com"]
[Date "2014.12.05"]
[Round "-"]
[White "Derek Price"]
[Black "eun77"]
[Result "1-0"]
[WhiteCountry "ENG"]
[BlackCountry "ISR"]
[WhiteElo "2323"]
[WhiteRD "85"]
[BlackElo "1264"]
[BlackRD "56"]
[GameID "370621"]

1. e4 e5 2. Nf3 d6 3. Bc4 h6 4. O-O Nf6 5. Re1 Be7 6. c3 O-O 7. d4 Nh7 8. dxe5 dxe5 9. Nxe5 Qxd1 10. Rxd1 Be6
11. Bxe6 fxe6 12. Ng6 Rf6 13. Nxe7+ Kf7 14. e5 Kxe7 15. exf6+ Nxf6 16. Bf4 Na6 17. Na3 g5 18. Be5 Nd7 19. Bg3 c6 20. Nc4 Nf6
21. Bd6+ Kf7 22. Na5
1-0

[Event "2015: The Year Of Bitcoin"]
[Site "SchemingMind.com"]
[Date "2014.12.04"]
[Round "-"]
[White "Derek Price"]
[Black "Scooter"]
[Result "1-0"]
[WhiteCountry "ENG"]
[BlackCountry "USA"]
[WhiteElo "2331"]
[WhiteRD "73"]
[BlackElo "1759"]
[BlackRD "48"]
[GameID "370622"]

1. e4 c6 2. d4 d5 3. Nd2 dxe4 4. Nxe4 Bf5 5. Ng3 Bg6 6. N1e2 Nd7 7. h4 h6 8. Nf4 Bh7 9. Bc4 Ngf6 10. O-O Qc7
11. Re1 e6 12. Bxe6
1-0

[Event "2015: The Year Of Bitcoin"]
[Site "SchemingMind.com"]
[Date "2014.12.05"]
[Round "-"]
[White "Simon Green"]
[Black "Derek Price"]
[Result "0-1"]
[WhiteCountry "ENG"]
[BlackCountry "ENG"]
[WhiteElo "1649"]
[WhiteRD "54"]
[BlackElo "2331"]
[BlackRD "73"]
[GameID "370623"]

1. d4 d5 2. e3 c6 3. Bd3 Nf6 4. f4 e6 5. Nf3 Be7 6. O-O O-O 7. Qe1 c5 8. c3 Nbd7 9. Nbd2 Qc7 10. Ne5 b6
11. Qg3 Bb7 12. Ndf3 Ne4 13. Bxe4 dxe4 14. Nxd7 Qxd7 15. Ne5 Qc7 16. f5 exf5 17. Rxf5 f6 18. Ng6 Bd6 19. Nf4 g6 20. Ne6 Bxg3
21. Nxc7 Bxc7 22. Rf2 f5 23. Bd2 cxd4 24. exd4 f4 25. Re2 e3 26. Be1 Rae8 27. Bh4 Re4 28. Bg5 f3 29. gxf3 Rxf3 30. Kg2 Rg4+
0-1

[Event "2015: The Year Of Bitcoin"]
[Site "SchemingMind.com"]
[Date "2014.12.06"]
[Round "-"]
[White "APB"]
[Black "Greg Magne"]
[Result "1-0"]
[WhiteCountry "ENG"]
[BlackCountry "CAN"]
[WhiteElo "1760"]
[WhiteRD "78"]
[BlackElo "1901"]
[BlackRD "71"]
[GameID "370695"]

1. e4 e5 2. Nf3 Nc6 3. Bc4 Nf6 4. d4 exd4 5. Ng5 Ne5 6. Bb3 Bc5 7. Bf4 h6 8. Bxe5 hxg5 9. Bxd4 Bxd4 10. Qxd4 Qe7
11. Nc3 d6 12. O-O-O Be6 13. Bxe6 fxe6 14. Nb5 a6 15. Qa4 Kf7 16. Nd4 b5 17. Qb3 Nxe4 18. Qf3+ Nf6 19. Rhe1 g4 20. Qb3 Rae8
21. Nxe6 Qxe6 22. Rxe6 Rxe6 23. Qc3 c5 24. Qg3 d5 25. Qc7+ Kg6 26. Qxc5 Rxh2 27. Rg1 Rh8 28. f4 Kf5 29. g3 Rh2 30. Qc8 Re2
31. Kd1 Re3 32. Qf8 Kg6 33. Rf1 Rf3 34. Rxf3 gxf3 35. Qc5 Re2 36. Qa3 Rf2 37. Qd3+ Kf7 38. Ke1 Rg2 39. g4 f2+ 40. Kf1 Rh2
41. g5 Ng4 42. Qf5+
1-0

[Event "2015: The Year Of Bitcoin"]
[Site "SchemingMind.com"]
[Date "2014.12.06"]
[Round "-"]
[White "Derek Price"]
[Black "APB"]
[Result "1-0"]
[WhiteCountry "ENG"]
[BlackCountry "ENG"]
[WhiteElo "2332"]
[WhiteRD "76"]
[BlackElo "1749"]
[BlackRD "77"]
[GameID "370696"]

1. e4 c5 2. Nf3 e6 3. d4 cxd4 4. Nxd4 Nc6 5. Nc3 Bb4 6. Nb5 Nf6 7. a3 Bxc3+ 8. Nxc3 d5 9. exd5 exd5 10. Bd3 O-O
11. O-O d4 12. Ne2 Re8 13. Bg5 Re5 14. f4 Re8 15. Qe1 h6 16. Qh4 Re6 17. Rae1 Bd7 18. Rf3 hxg5 19. fxg5 Ne5 20. Rh3 Kf8
21. Nf4 Rb6 22. gxf6 gxf6 23. Nd5 Rxb2 24. Qh8#
1-0

[Event "2015: The Year Of Bitcoin"]
[Site "SchemingMind.com"]
[Date "2014.12.06"]
[Round "-"]
[White "Eric111"]
[Black "APB"]
[Result "1-0"]
[WhiteCountry "USA"]
[BlackCountry "ENG"]
[WhiteElo "1506"]
[WhiteRD "51"]
[BlackElo "1760"]
[BlackRD "78"]
[GameID "370697"]

1. d4 Nf6 2. c4 g6 3. Nc3 Bg7 4. e4 d6 5. h3 b6 6. Bg5 h6 7. Be3 Bb7 8. Bd3 c5 9. d5 Nbd7 10. Nge2 Ne5
11. O-O Ba6 12. b3 Nxd3 13. Qxd3 Qd7 14. a3 b5 15. Nxb5 Bxb5 16. cxb5 Rb8 17. a4 O-O 18. f3 e6 19. Rac1 exd5 20. exd5 Qb7
21. Nc3 Nd7 22. Bf4 Be5 23. Bxh6 Rfe8 24. Ne4 Nf6 25. Bg5 Nxe4 26. fxe4 Bd4+ 27. Be3 Bxe3+ 28. Qxe3 Re5 29. Rf4 Rbe8 30. Rcf1 R8e7
31. Qf3 Qd7 32. Rh4 Kg7 33. Qf6+
1-0

[Event "2015: The Year Of Bitcoin"]
[Site "SchemingMind.com"]
[Date "2014.12.08"]
[Round "-"]
[White "smothered mate"]
[Black "APB"]
[Result "1-0"]
[WhiteCountry "POL"]
[BlackCountry "ENG"]
[WhiteElo "1867"]
[WhiteRD "70"]
[BlackElo "1708"]
[BlackRD "77"]
[GameID "370698"]

1. e4 c5 2. Nf3 d6 3. d4 cxd4 4. Nxd4 Nf6 5. Nc3 Nc6 6. Bg5 e6 7. Qd2 h6 8. Bh4 Be7 9. O-O-O a6 10. f4 e5
11. Nf5 Bxf5 12. exf5 exf4 13. Bxf6 Bxf6 14. Re1+ Ne7 15. Nd5 O-O 16. Nxf6+ gxf6 17. Qxf4 Kh7 18. Bd3 Nd5 19. Qh4 Qa5 20. a3 Rfe8
21. Kb1 Rg8 22. g4 Nf4 23. Qxf6 Rg7 24. Re7 Nd5 25. Qh4 Nxe7 26. f6+ Ng6 27. fxg7 Kxg7 28. Bxg6 Kxg6 29. Rf1 Qe5 30. Rf5 Qg7
31. Qh5+
1-0

[Event "2015: The Year Of Bitcoin"]
[Site "SchemingMind.com"]
[Date "2014.12.06"]
[Round "-"]
[White "APB"]
[Black "emvarela"]
[Result "0-1"]
[WhiteCountry "ENG"]
[BlackCountry "ARG"]
[WhiteElo "1717"]
[WhiteRD "72"]
[BlackElo "1673"]
[BlackRD "49"]
[GameID "370699"]

1. e4 e5 2. Nf3 Nc6 3. Bc4 Bc5 4. c3 Qe7 5. b4 Bb6 6. O-O h6 7. Bb2 Nf6 8. d3 a6 9. b5 axb5 10. Bxb5 d6
11. Bxc6+ bxc6 12. Nbd2 Bg4 13. Ba3 Rxa3 14. Nc4 Bxf3 15. Qxf3 Rxc3 16. Nxb6 cxb6 17. Rab1 b5 18. a4 O-O 19. axb5 cxb5 20. Rxb5 Rfc8
21. Qe3 Qd7 22. Rbb1 Qe6 23. f4 d5 24. Rb6 Qe7
0-1

[Event "2015: The Year Of Bitcoin"]
[Site "SchemingMind.com"]
[Date "2014.12.05"]
[Round "-"]
[White "APB"]
[Black "abdre1"]
[Result "1-0"]
[WhiteCountry "ENG"]
[BlackCountry "USA"]
[WhiteElo "1717"]
[WhiteRD "72"]
[BlackElo "1561"]
[BlackRD "111"]
[GameID "370700"]

1. e4 c5 2. Nc3 e5 3. Nf3 Nf6 4. Nxe5 Bd6 5. Nf3 Nc6 6. Bc4 O-O 7. O-O Re8 8. d3 b6 9. Ng5 Ne5 10. f4 Nxc4
11. dxc4 Be7 12. e5 Rb8 13. Nd5 h6 14. Nxf6+ Bxf6 15. exf6 Qxf6 16. Nh3 Bb7 17. c3 Qg6 18. Rf2 Re7 19. f5 Qf6 20. Bf4 Rbe8
21. Qd2 Re4 22. Qxd7 Bc8 23. Qxa7 Bxf5 24. Bc7 Qg6 25. Nf4 Qg5 26. Qxb6 Rxc4 27. Rd1 Kh7 28. Qc6 Qe7 29. b3 Rxc3 30. Nd5 Qd7
31. Qxd7 Bxd7 32. Nxc3
1-0

[Event "2015: The Year Of Bitcoin"]
[Site "SchemingMind.com"]
[Date "2014.12.05"]
[Round "-"]
[White "APB"]
[Black "Scooter"]
[Result "1-0"]
[WhiteCountry "ENG"]
[BlackCountry "USA"]
[WhiteElo "1749"]
[WhiteRD "77"]
[BlackElo "1778"]
[BlackRD "45"]
[GameID "370701"]

1. e4 c6 2. d4 d5 3. Nc3 dxe4 4. Nxe4 Bf5 5. Ng3 Bg6 6. Nf3 Nd7 7. Bc4 h6 8. O-O Qc7 9. Re1 O-O-O 10. c3 Ngf6
11. Qb3 e6 12. h3 Bd6 13. Nf1 Be4 14. N1d2 Bd5 15. a4 Qb6 16. Qxb6 Nxb6 17. Bd3 Bc4 18. Bxc4 Nxc4 19. Nxc4 Nd5 20. Nxd6+ Rxd6
21. Ne5
1-0

[Event "2015: The Year Of Bitcoin"]
[Site "SchemingMind.com"]
[Date "2014.12.09"]
[Round "-"]
[White "eun77"]
[Black "APB"]
[Result "0-1"]
[WhiteCountry "ISR"]
[BlackCountry "ENG"]
[WhiteElo "1264"]
[WhiteRD "56"]
[BlackElo "1746"]
[BlackRD "77"]
[GameID "370702"]

1. c4 b6 2. d3 Nc6 3. e4 e5 4. Nf3 Bc5 5. Be2 Nf6 6. O-O d6 7. h3 Nd4 8. Nxd4 Bxd4 9. Nc3 c6 10. Be3 Ba6
11. Bxd4 exd4 12. Nb1 c5 13. Nd2 O-O 14. Nf3 Nh5 15. Nh2 Nf4 16. Bf3 Qg5 17. Bg4 b5 18. Nf3 Qf6
0-1

[Event "2015: The Year Of Bitcoin"]
[Site "SchemingMind.com"]
[Date "2014.12.05"]
[Round "-"]
[White "Simon Green"]
[Black "APB"]
[Result "0-1"]
[WhiteCountry "ENG"]
[BlackCountry "ENG"]
[WhiteElo "1636"]
[WhiteRD "55"]
[BlackElo "1749"]
[BlackRD "77"]
[GameID "370703"]

1. d4 Nf6 2. e3 d5 3. Bd3 Nc6 4. f4 Bg4 5. Nf3 a6 6. O-O e6 7. Nbd2 Nb4 8. Nb3 Nxd3 9. cxd3 Nd7 10. Qe1 Be7
11. Qg3 Bf5 12. Ne5 O-O 13. Rd1 b6 14. Nc6 Qe8 15. Ne5 Nxe5 16. fxe5 Qb5 17. e4 Bg6 18. exd5 Qxd5 19. Be3 f6 20. Rac1 Rac8
21. Rc3 fxe5 22. dxe5 Qd8 23. Nd4 Qd5 24. b3 c5 25. Nf3 Bh5 26. Rf1 Bxf3 27. Rxf3 Rxf3 28. gxf3 Rf8 29. Kf2 Qd8 30. Bh6 Rf7
31. Be3 Bh4
0-1

[Event "2015: The Year Of Bitcoin"]
[Site "SchemingMind.com"]
[Date "2014.12.06"]
[Round "-"]
[White "Greg Magne"]
[Black "pcmvr"]
[Result "0-1"]
[WhiteCountry "CAN"]
[BlackCountry "NED"]
[WhiteElo "1886"]
[WhiteRD "71"]
[BlackElo "2462"]
[BlackRD "121"]
[GameID "370796"]

1. e4 e6 2. d4 d5 3. Nc3 Nf6 4. Bg5 dxe4 5. Nxe4 Be7 6. Nxf6+ Bxf6 7. Bxf6 Qxf6 8. Nf3 Nd7 9. Bd3 O-O 10. h4 e5
11. dxe5 Nxe5 12. Nxe5 Qxe5+ 13. Qe2 Qxb2 14. O-O g6 15. h5 Qf6 16. hxg6 hxg6 17. Rab1 b6 18. c4 Bb7 19. Qg4 Kg7 20. c5 Rh8
21. Rb4 Rad8 22. Rf4 Qe5 23. Bc4 f6 24. cxb6 axb6 25. Bb3 g5 26. Rc4 Qh2#
0-1

[Event "2015: The Year Of Bitcoin"]
[Site "SchemingMind.com"]
[Date "2014.12.08"]
[Round "-"]
[White "pcmvr"]
[Black "smothered mate"]
[Result "1-0"]
[WhiteCountry "NED"]
[BlackCountry "POL"]
[WhiteElo "2475"]
[WhiteRD "101"]
[BlackElo "1892"]
[BlackRD "74"]
[GameID "370798"]

1. b4 c6 2. Bb2 a5 3. a3 Qb6 4. c4 axb4 5. c5 Qb5 6. e3 Qa4 7. Qxa4 Rxa4 8. axb4 Rxa1 9. Bxa1 Nf6 10. b5 e6
11. Be5 d6 12. cxd6 Nbd7 13. Bb2 Bxd6 14. Na3 O-O 15. Nf3 Nb6 16. bxc6 bxc6 17. Nc4 Bc7 18. Be5 Bd8 19. Be2 Nfd5 20. Bd6 Re8
21. Na5 Bd7 22. Nb7 Bc7 23. Bxc7 Nxc7 24. O-O e5 25. Rb1 Nbd5 26. Nd6 Re6 27. Rb8+ Ne8 28. Nc4 f6 29. Ne1 Kf7 30. Nd3 g5
31. Nc5 Re7 32. Nxd7 Rxd7 33. Bh5+
1-0

[Event "2015: The Year Of Bitcoin"]
[Site "SchemingMind.com"]
[Date "2014.12.06"]
[Round "-"]
[White "emvarela"]
[Black "pcmvr"]
[Result "0-1"]
[WhiteCountry "ARG"]
[BlackCountry "NED"]
[WhiteElo "1695"]
[WhiteRD "49"]
[BlackElo "2482"]
[BlackRD "101"]
[GameID "370799"]

1. e4 e6 2. d4 d5 3. Nc3 Nf6 4. Bg5 Be7 5. e5 Nfd7 6. Bxe7 Qxe7 7. f4 O-O 8. Nf3 c5 9. dxc5 Nxc5 10. Qd4 Nc6
11. Qf2 a6 12. Be2 b5 13. a3 Rb8 14. b4 Nd7 15. O-O f6 16. exf6 Qxf6 17. Na2 Qxf4 18. Bd3 e5 19. Nc3 e4 20. Nxd5 Qf5
21. Ne3 Qg6 22. Nh4 Rxf2 23. Nxg6 Rxf1+ 24. Rxf1 exd3 25. cxd3 hxg6
0-1

[Event "2015: The Year Of Bitcoin"]
[Site "SchemingMind.com"]
[Date "2014.12.06"]
[Round "-"]
[White "abdre1"]
[Black "pcmvr"]
[Result "0-1"]
[WhiteCountry "USA"]
[BlackCountry "NED"]
[WhiteElo "1512"]
[WhiteRD "110"]
[BlackElo "2475"]
[BlackRD "101"]
[GameID "370800"]

1. d4 e6 2. Nf3 Nf6 3. e3 d5 4. Bd3 c5 5. b3 Nc6 6. O-O Bd6 7. Bb2 O-O 8. Nbd2 Qe7 9. Re1 Rd8 10. c4 cxd4
11. Nxd4 Ne5 12. N2f3 dxc4 13. Bxc4 Nxc4 14. bxc4 e5 15. Nc2 Bg4 16. Qe2 e4 17. Ncd4 Rac8 18. Rac1 exf3 19. Nxf3 Ne4 20. h3 Bh5
21. g4 Bg6 22. Bd4 b6 23. a4 f5 24. Nh2 fxg4 25. Nxg4 h5 26. Nh2 Qg5+ 27. Kh1 Rf8 28. Rg1 Nxf2+ 29. Qxf2 Be4+ 30. Nf3 Rxf3
31. Rg2 Rxf2 32. Rg1 Bxg2+
0-1

[Event "2015: The Year Of Bitcoin"]
[Site "SchemingMind.com"]
[Date "2014.12.09"]
[Round "-"]
[White "pcmvr"]
[Black "eun77"]
[Result "1-0"]
[WhiteCountry "NED"]
[BlackCountry "ISR"]
[WhiteElo "2457"]
[WhiteRD "117"]
[BlackElo "1264"]
[BlackRD "56"]
[GameID "370801"]

1. b4 b5 2. Bb2 d6 3. a4 c6 4. axb5 e5 5. e3 cxb5 6. Qf3 d5 7. Bxb5+ Bd7 8. Qxd5 Bxb4 9. Bxe5 Bxb5 10. Qxb5+ Qd7
11. Qxd7+ Nxd7 12. Bxg7 Be7 13. Bxh8
1-0

[Event "2015: The Year Of Bitcoin"]
[Site "SchemingMind.com"]
[Date "2014.12.06"]
[Round "-"]
[White "pcmvr"]
[Black "APB"]
[Result "1-0"]
[WhiteCountry "NED"]
[BlackCountry "ENG"]
[WhiteElo "2457"]
[WhiteRD "117"]
[BlackElo "1746"]
[BlackRD "77"]
[GameID "370802"]

1. b4 e5 2. Bb2 Bxb4 3. f4 d6 4. a3 Bc5 5. fxe5 f6 6. d4 Bb6 7. exd6 Qxd6 8. Nd2 Ba5 9. e4 Nc6 10. c3 Bd7
11. Bb5 Qf4 12. Qh5+ g6 13. Qe2 a6 14. Bd3 O-O-O 15. Ngf3 Nge7 16. O-O Qh6 17. Nc4 Rhe8 18. Rab1 Qh5 19. Nxa5 Qxa5 20. Nd2 Rf8
21. Nb3 Qg5 22. Nc5 Bg4 23. Qc2 Na5 24. Bc1 Qh5 25. Qa4 Nac6 26. Bxa6
1-0

[Event "2015: The Year Of Bitcoin"]
[Site "SchemingMind.com"]
[Date "2014.12.06"]
[Round "-"]
[White "Derek Price"]
[Black "pcmvr"]
[Result "0-1"]
[WhiteCountry "ENG"]
[BlackCountry "NED"]
[WhiteElo "2297"]
[WhiteRD "87"]
[BlackElo "2482"]
[BlackRD "101"]
[GameID "370803"]

1. e4 e6 2. d3 d5 3. Nd2 c5 4. Ngf3 Nc6 5. g3 Nf6 6. Bg2 Be7 7. O-O O-O 8. Re1 b5 9. e5 Nd7 10. Nf1 a5
11. h4 b4 12. Bf4 Ba6 13. N1h2 a4 14. a3 Qa5 15. Ng4 Rfc8 16. h5 h6 17. Qd2 bxa3 18. Qxa5 Nxa5 19. Rxa3 Nb6 20. Bd2 Bb5
21. Raa1 Nc6 22. Rec1 d4 23. Ne1 c4 24. Be4 Nd5 25. dxc4 Bxc4 26. Nd3 Rcb8 27. Rcb1 Rb6 28. Kh2 Bf8 29. Nf4 Raa6 30. Kh3 Nxf4+
31. Bxf4 Bd5 32. Bxd5 exd5 33. Bd2 Nb4 34. Bxb4 Rxb4 35. Ra2 a3 36. f4 d3 37. cxd3 Rb3 38. Ne3 Rxd3 39. Nc2 Rb6 40. b4 Rd2
41. Rc1 Rc6 42. Kg4 Rh2 43. b5 Rc3 44. Nxa3 Rxc1 45. Rxh2 Bxa3 46. Rd2 Rc5 47. Ra2 Bb4 48. Ra8+ Kh7 49. Rb8 d4
0-1

[Event "2015: The Year Of Bitcoin"]
[Site "SchemingMind.com"]
[Date "2014.12.06"]
[Round "-"]
[White "pcmvr"]
[Black "Scooter"]
[Result "1-0"]
[WhiteCountry "NED"]
[BlackCountry "USA"]
[WhiteElo "2400"]
[WhiteRD "167"]
[BlackElo "1778"]
[BlackRD "45"]
[GameID "370804"]

1. b4 Nf6 2. Bb2 g6 3. Nf3 Bg7 4. c4 O-O 5. e3 d6 6. Be2 Nbd7 7. O-O e5 8. d4 exd4 9. Nxd4 Re8 10. Nc3 Ne4
11. Nxe4 Rxe4 12. Qc2 Re7 13. c5 dxc5 14. bxc5 c6 15. Rfd1 Qc7 16. h3 Nf6 17. Bf3 Bd7 18. Rd2 Rd8 19. Rad1 Be6 20. Nxc6 Rxd2
21. Nxe7+
1-0

[Event "2015: The Year Of Bitcoin"]
[Site "SchemingMind.com"]
[Date "2014.12.08"]
[Round "-"]
[White "Simon Green"]
[Black "pcmvr"]
[Result "0-1"]
[WhiteCountry "ENG"]
[BlackCountry "NED"]
[WhiteElo "1615"]
[WhiteRD "55"]
[BlackElo "2373"]
[BlackRD "147"]
[GameID "370805"]

1. d4 e6 2. e3 d5 3. Bd3 Nf6 4. f4 c5 5. c3 Nc6 6. Nf3 Bd6 7. O-O O-O 8. Qe1 b6 9. Nbd2 a5 10. a4 Ba6
11. Bxa6 Rxa6 12. Ne5 Ne7 13. Ndf3 Ra8 14. Ng5 Qc7 15. Qg3 h6 16. Ngxf7 Rxf7 17. Nxf7 Kxf7 18. Qh4 Rf8 19. Bd2 Ne4 20. Be1 cxd4
21. cxd4 Qc2 22. Qh5+ Kg8 23. Bh4 Nf5
0-1

[Event "2015: The Year Of Bitcoin"]
[Site "SchemingMind.com"]
[Date "2014.12.08"]
[Round "-"]
[White "APB"]
[Black "frankly"]
[Result "0-1"]
[WhiteCountry "ENG"]
[BlackCountry "ENG"]
[WhiteElo "1749"]
[WhiteRD "77"]
[BlackElo "2408"]
[BlackRD "65"]
[GameID "370998"]

1. e4 c5 2. Nf3 Nc6 3. Nc3 e5 4. Bc4 d6 5. d3 Be7 6. Nd5 Nf6 7. Nxe7 Qxe7 8. O-O O-O 9. Qe2 Bg4 10. c3 h6
11. h3 Be6 12. Bxe6 Qxe6 13. Be3 Rfe8 14. Nh4 Ne7 15. f4 exf4 16. Bxf4 g5 17. Bg3 gxh4 18. Bxh4 Nd7 19. Rf4 Ng6 20. Rg4 f5
21. Rg3 f4 22. Rf3 Nxh4 23. Rxf4 Ng6 24. Rf5 Qxf5
0-1

[Event "2015: The Year Of Bitcoin"]
[Site "SchemingMind.com"]
[Date "2014.12.08"]
[Round "-"]
[White "Scooter"]
[Black "frankly"]
[Result "0-1"]
[WhiteCountry "USA"]
[BlackCountry "ENG"]
[WhiteElo "1759"]
[WhiteRD "48"]
[BlackElo "2403"]
[BlackRD "62"]
[GameID "370999"]

1. d4 Nf6 2. Nf3 d5 3. Bf4 g6 4. e3 Bg7 5. Be2 Nh5 6. Bg5 h6 7. Bh4 c5 8. Ne5 cxd4 9. exd4 Nf4 10. O-O Nc6
11. Bb5 Qb6 12. Bxc6+ bxc6 13. b3 Qxd4
0-1

[Event "2015: The Year Of Bitcoin"]
[Site "SchemingMind.com"]
[Date "2014.12.08"]
[Round "-"]
[White "frankly"]
[Black "Simon Green"]
[Result "1-0"]
[WhiteCountry "ENG"]
[BlackCountry "ENG"]
[WhiteElo "2403"]
[WhiteRD "62"]
[BlackElo "1649"]
[BlackRD "54"]
[GameID "371000"]

1. d4 e6 2. e4 d5 3. Nc3 Nf6 4. e5 Nfd7 5. f4 c5 6. Nf3 Nc6 7. Be3 c4 8. Be2 Bb4 9. Qd2 f5 10. a3 Bxc3
11. Qxc3 h6 12. a4 Qa5 13. Qxa5 Nxa5 14. h4 g6 15. h5 Kf7 16. Nh4 Rg8 17. hxg6+ Kg7 18. g4 fxg4 19. f5 exf5 20. Nxf5+ Kf8
21. Bxh6+ Ke8 22. Ng7+ Kd8 23. Ne6+ Ke7 24. Bg5+
1-0

[Event "2015: The Year Of Bitcoin"]
[Site "SchemingMind.com"]
[Date "2014.12.09"]
[Round "-"]
[White "frankly"]
[Black "Greg Magne"]
[Result "1-0"]
[WhiteCountry "ENG"]
[BlackCountry "CAN"]
[WhiteElo "2403"]
[WhiteRD "62"]
[BlackElo "1962"]
[BlackRD "79"]
[GameID "371001"]

1. d4 d5 2. c4 c6 3. Nf3 Nf6 4. e3 Bf5 5. Nc3 Nbd7 6. cxd5 cxd5 7. Qb3 Nb6 8. Bb5+ Bd7 9. Bxd7+ Qxd7 10. Ne5 Qe6
11. Nb5 Rc8 12. Nxa7 Rc7 13. Bd2 Nfd7 14. Ba5 f6 15. Nxd7
1-0

[Event "2015: The Year Of Bitcoin"]
[Site "SchemingMind.com"]
[Date "2014.12.08"]
[Round "-"]
[White "pcmvr"]
[Black "frankly"]
[Result "0-1"]
[WhiteCountry "NED"]
[BlackCountry "ENG"]
[WhiteElo "2425"]
[WhiteRD "108"]
[BlackElo "2441"]
[BlackRD "62"]
[GameID "371002"]

1. b4 e5 2. Bb2 Bxb4 3. f4 d6 4. a3 Ba5 5. fxe5 dxe5 6. Bxe5 Nf6 7. Nf3 Nc6 8. Bc3 Ne4 9. Bxa5 Nxa5 10. e3 Qf6
11. c3 Bd7 12. Bd3 Nc5 13. Bc2 Bb5 14. d4 O-O-O 15. Kf2 g5 16. h3 h5 17. Nd2 g4 18. hxg4 hxg4 19. Rxh8 Rxh8 20. dxc5 Rd8
21. Qe1 gxf3 22. Nxf3 Bc6 23. Rd1 Rg8 24. Qe2 Nc4 25. Rd4 Ne5 26. Rf4 Qe7 27. Bh7 Rg7 28. Qd1 Bxf3 29. Bf5+ Kb8 30. gxf3 Rg8
31. a4 a6 32. c6 Nxc6 33. Rg4 Rd8 34. Qc2 Re8 35. Qe4 Qf8 36. Qf4 Rd8 37. Be4 Qh8 38. Rg2 Qxc3 39. Bxc6 Qc2+ 40. Kg1 Rd1+
41. Kh2 Qxc6 42. e4 Qc3 43. Kg3 Rd8 44. Qg5 Rd6 45. Kh2 Qxf3 46. Rd2 Rc6
0-1

[Event "2015: The Year Of Bitcoin"]
[Site "SchemingMind.com"]
[Date "2014.12.08"]
[Round "-"]
[White "Eric111"]
[Black "frankly"]
[Result "0-1"]
[WhiteCountry "USA"]
[BlackCountry "ENG"]
[WhiteElo "1468"]
[WhiteRD "48"]
[BlackElo "2403"]
[BlackRD "62"]
[GameID "371004"]

1. c4 e5 2. Nc3 Nc6 3. Nf3 Nf6 4. g3 Bb4 5. Bg2 O-O 6. O-O d6 7. Qc2 h6 8. d3 Bc5 9. e4 a5 10. Re1 Ng4
11. Rf1 f5 12. exf5 Bxf5 13. h3 Nb4 14. Qe2 Bxd3 15. Qe4 Bxe4 16. Nxe4 Bxf2+ 17. Nxf2 Nxf2 18. Rxf2 e4 19. Nd4 Rxf2
0-1

[Event "2015: The Year Of Bitcoin"]
[Site "SchemingMind.com"]
[Date "2014.12.08"]
[Round "-"]
[White "smothered mate"]
[Black "frankly"]
[Result "0-1"]
[WhiteCountry "POL"]
[BlackCountry "ENG"]
[WhiteElo "1823"]
[WhiteRD "66"]
[BlackElo "2421"]
[BlackRD "63"]
[GameID "371005"]

1. e4 c5 2. Nf3 Nc6 3. d4 cxd4 4. Nxd4 Nf6 5. Nc3 e5 6. Ndb5 d6 7. Bg5 a6 8. Na3 b5 9. Nd5 Be7 10. Bxf6 Bxf6
11. c3 O-O 12. Nc2 Bg5 13. a4 bxa4 14. Rxa4 a5 15. Bc4 Kh8 16. O-O Rb8 17. b4 f5 18. b5 Ne7 19. Nxe7 Qxe7 20. Rxa5 Qc7
21. Ra4 fxe4 22. Ne3 Qc5 23. Re1 Bb7 24. Qg4 Bxe3 25. Rxe3 Rf4 26. Qd7 Rbf8 27. Qxb7 Rxf2 28. Qxe4 d5 29. Qd3 dxc4
0-1

[Event "2015: The Year Of Bitcoin"]
[Site "SchemingMind.com"]
[Date "2014.12.09"]
[Round "-"]
[White "frankly"]
[Black "emvarela"]
[Result "1-0"]
[WhiteCountry "ENG"]
[BlackCountry "ARG"]
[WhiteElo "2425"]
[WhiteRD "64"]
[BlackElo "1660"]
[BlackRD "50"]
[GameID "371006"]

1. d4 Nf6 2. c4 e6 3. Nf3 Bb4+ 4. Bd2 Bxd2+ 5. Qxd2 O-O 6. Nc3 d5 7. e3 a6 8. b3 dxc4 9. bxc4 Qe7 10. Bd3 Nbd7
11. O-O c5 12. a4 cxd4 13. exd4 b6 14. a5 bxa5 15. Rxa5 Bb7 16. Qe3 Bxf3 17. Qxf3 Qb4 18. Rfa1 Qxc3 19. Bxh7+
1-0

[Event "2015: The Year Of Bitcoin"]
[Site "SchemingMind.com"]
[Date "2014.12.09"]
[Round "-"]
[White "frankly"]
[Black "abdre1"]
[Result "1-0"]
[WhiteCountry "ENG"]
[BlackCountry "USA"]
[WhiteElo "2425"]
[WhiteRD "64"]
[BlackElo "1606"]
[BlackRD "115"]
[GameID "371007"]

1. d4 d5 2. c4 e6 3. Nf3 b6 4. cxd5 exd5 5. Nc3 Nf6 6. Bf4 Be7 7. e3 O-O 8. h3 Bb7 9. Bd3 Nbd7 10. O-O Rc8
11. Ne5 c5 12. Qe2 Ne4 13. Bxe4 dxe4 14. Rfd1 Bc6 15. dxc5 bxc5 16. Rxd7 Bxd7 17. Rd1 Rc7 18. Nd5 Rb7 19. Qa6 Rxb2 20. Nxd7 Qxd7
21. Nf6+ Bxf6 22. Rxd7 Rc2 23. Qc6 Rc4 24. Bd6 Rd8 25. Rxd8+ Bxd8 26. Qe8#
1-0